000 004380000a22001810004500
003 MACL
005 20150913151320.0
008 150913b xxu||||| |||| 00| 0 eng d
040 _aMACL
_cMACL
041 _aEnglish
082 _a825/KAV
100 _aKaur, Jasvinder
_910821
245 _aThe World's Greatest Speeches
260 _bLotus Press
_c2008
_aNew Delhi
350 _a125
650 _aSpeeches
_910822
942 _cBK
_k825
_2ddc
999 _c8025
_d8025